!Splash! (Record no. 107312)

MARC details
000 -LEADER
campo de control de longitud fija 01105cac a2200325 c 4500
003 - IDENTIFICADOR DE NÚMERO DE CONTROL
campo de control Co-PeBPM
005 - FECHA Y HORA DE LA ÚLTIMA TRANSACCIÓN
campo de control 20260408115354.0
007 - CAMPO FIJO DE DESCRIPCIÓN FÍSICA--INFORMACIÓN GENERAL
campo de control de longitud fija ta
008 - DATOS DE LONGITUD FIJA--INFORMACIÓN GENERAL
campo de control de longitud fija 161108s2004 ck a g 000 j spa
020 ## - NÚMERO INTERNACIONAL ESTÁNDAR DEL LIBRO
Número Internacional Estándar del Libro 8484182002
040 0# - FUENTE DE CATALOGACIÓN
Centro catalogador/agencia de origen Co-PeBPM
Lengua de catalogación spa
Normas de descripción rda
Centro/agencia transcriptor Co-PeBPM
041 ## - CÓDIGO DE IDIOMA
Código de lengua del texto/banda sonora o título independiente spa
082 ## - NÚMERO DE LA CLASIFICACIÓN DECIMAL DEWEY
Número de clasificación (i) 813.54 H47s
Número de edición 22
100 10 - ENTRADA PRINCIPAL--NOMBRE DE PERSONA
Nombre de persona Hissey, Jane,
Término indicativo de función/relación autor
9 (RLIN) 73724
245 10 - MENCIÓN DEL TÍTULO
Título !Splash!
Mención de responsabilidad, etc. / Jane Hissey ; traducción Violeta I. Pérez.
250 ## - MENCION DE EDICION
Mención de edición primera edición
264 #1 - PRODUCCIÓN, PUBLICACIÓN, DISTRIBUCIÓN, FABRICACIÓN Y COPYRIGHT
Producción, publicación, distribución, fabricación y copyright Barcelona, España
Nombre del de productor, editor, distribuidor, fabricante : Zendrera Zariquiey
Fecha de producción, publicación, distribución, fabricación o copyright , 2004
300 ## - DESCRIPCIÓN FÍSICA
Extensión 28 páginas :
Otras características físicas : ilustraciones en color
Dimensiones ; 24 centímetros
500 ## - NOTA GENERAL
Nota general Incluye índice.
648 17 - PUNTO DE ACCESO ADICIONAL DE MATERIA--TÉRMINO CRONOLÓGICO
Término cronológico Siglo XX
Fuente del encabezamiento o término LEMB
650 17 - PUNTO DE ACCESO ADICIONAL DE MATERIA--TÉRMINO DE MATERIA
Término de materia o nombre geográfico como elemento de entrada Amistad en la literatura
Fuente del encabezamiento o término LEMB
9 (RLIN) 497
650 17 - PUNTO DE ACCESO ADICIONAL DE MATERIA--TÉRMINO DE MATERIA
Término de materia o nombre geográfico como elemento de entrada Aventuras en la literatura
Fuente del encabezamiento o término LEMB
9 (RLIN) 8911
650 17 - PUNTO DE ACCESO ADICIONAL DE MATERIA--TÉRMINO DE MATERIA
Término de materia o nombre geográfico como elemento de entrada Cuentos
Fuente del encabezamiento o término LEMB
650 17 - PUNTO DE ACCESO ADICIONAL DE MATERIA--TÉRMINO DE MATERIA
Término de materia o nombre geográfico como elemento de entrada Cuentos infantiles ingleses
Fuente del encabezamiento o término LEMB
9 (RLIN) 81983
650 07 - PUNTO DE ACCESO ADICIONAL DE MATERIA--TÉRMINO DE MATERIA
Término de materia o nombre geográfico como elemento de entrada Juguetes en la literatura
Fuente del encabezamiento o término LEMB
9 (RLIN) 916
650 17 - PUNTO DE ACCESO ADICIONAL DE MATERIA--TÉRMINO DE MATERIA
Término de materia o nombre geográfico como elemento de entrada Literatura infantil inglesa
Fuente del encabezamiento o término LEMB
9 (RLIN) 46451
650 17 - PUNTO DE ACCESO ADICIONAL DE MATERIA--TÉRMINO DE MATERIA
Término de materia o nombre geográfico como elemento de entrada Osos de peluche en la literatura
Fuente del encabezamiento o término LEMB
9 (RLIN) 73726
700 10 - ENTRADA AGREGADA--NOMBRE PERSONAL
Nombre de persona Pérez Gil, Violeta
Término indicativo de función/relación traducción
9 (RLIN) 73729
942 ## - ELEMENTOS DE ENTRADA SECUNDARIOS (KOHA)
Fuente del sistema de clasificación o colocación Clasificación Decimal Dewey
Tipo de ítem Koha Libros
Holdings
Estatus retirado Estado de pérdida Fuente del sistema de clasificación o colocación Estado de daño No para préstamo Colección Biblioteca de origen Biblioteca actual Ubicación en estantería Fecha de adquisición Total de préstamos Signatura topográfica completa Código de barras Visto por última vez Copia número Precio de reemplazo Tipo de ítem Koha
    Clasificación Decimal Dewey     General BIBLIOTECA SAN JOAQUIN BIBLIOTECA SAN JOAQUIN Colección general 08/04/2026   (i) 813.54 H47s 63649 08/04/2026 Ej.1 08/04/2026 Libros

Powered by Koha